Ananthanarayan and Paniker's Textbook of Microbiology for Nurses/ (Record no. 1749)

MARC details
000 -LEADER
Fixed length control field 00590nam a2200205Ia 4500
003 - CONTROL NUMBER IDENTIFIER
Control field IIN
005 - DATE AND TIME OF LATEST TRANSACTION
Control field 20250412121140.0
008 - FIXED-LENGTH DATA ELEMENTS--GENERAL INFORMATION
Fixed length control field 250412s9999 xx ad 001 0 eng d
020 ## - INTERNATIONAL STANDARD BOOK NUMBER / ISBN
Price Rs.1495.00
International Standard Book Number 9789393330659
040 ## - CATALOGING SOURCE
Original cataloging agency IIN
Language of cataloging English
082 ## - DEWEY DECIMAL CLASSIFICATION NUMBER
Classification number 579.0282
Book Number SAX
245 1# - TITLE STATEMENT
Title Ananthanarayan and Paniker's Textbook of Microbiology for Nurses/
Statement of responsibility edited by Sonal Saxena
250 ## - EDITION STATEMENT
Edition statement 13th ed
260 ## - IMPRINT
Name of publisher University Press
Place of publication Hyderabad
Date of publication 2025
300 ## - PHYSICAL DESCRIPTION
Page / Vol. No xvi, 776 p.
Other physical details col. ill.
500 ## - GENERAL NOTE
General note Includes Index
650 1# - SUBJECT ADDED ENTRY--TOPICAL TERM
Topical term Microbiology
700 ## - ADDED ENTRY--PERSONAL NAME
Personal name Saxena, Sonal (ed.)
942 ## - ADDED ENTRY ELEMENTS (KOHA)
Koha item type Books
Holdings
Withdrawn status Lost status Source of classification Damaged status Not for loan Collection code Home library Current library Shelving location Date acquired Price Total Checkouts Call number Accession number Date last seen Price effective from Koha item type
    Dewey Decimal Classification     Purches Book IDEAL INSTITUTE OF NURSING IDEAL INSTITUTE OF NURSING General Stacks 11/03/2025 1495.00   579.0282 SAX 1892 12/04/2025 12/04/2025 Books
© Ideal Institute Of Nursing, All rights reserved.         Powered by Koha